LIBRARY & INFORMATION CENTRE, KCAET, TAVANUR

ONLINE PUBLIC ACCESS CATALOGUE (OPAC)

John Keats: The living year 21 september 1818 to 21 september 1819 / (Record no. 485)

MARC details
000 -LEADER
fixed length control field 00438cam a2200157ua 4500
041 ## - LANGUAGE CODE
Language code of text/sound track or separate title eng
082 ## - DEWEY DECIMAL CLASSIFICATION NUMBER
Classification number 928.21
Item number GIT/JO
100 ## - MAIN ENTRY--AUTHOR NAME
Personal name Gittings, Robert .
245 ## - TITLE STATEMENT
Title John Keats: The living year 21 september 1818 to 21 september 1819 /
260 ## - PUBLICATION, DISTRIBUTION, ETC. (IMPRINT)
Place of publication Melbourne :
Name of publisher William Heinemann Ltd ,
Year of publication 1954.
300 ## - PHYSICAL DESCRIPTION
Number of Pages 247 ; .
650 ## - SUBJECT ADDED ENTRY--TOPICAL TERM
Topical Term Biography
942 ## - ADDED ENTRY ELEMENTS (KOHA)
Koha item type Books
Holdings
Withdrawn status Lost status Damaged status Home library Current library Date acquired Cost, normal purchase price Full call number Accession Number Koha item type Public note
Withdrawn     KAUAET Sanskrit University 07/04/2012 21.00 928.21 6770 Books Transferred to Sanskrit University
free website counter